<?xml version="1.0" encoding="UTF-8"?><?xml-stylesheet type="text/xsl" href="static/style.xsl"?><OAI-PMH xmlns="http://www.openarchives.org/OAI/2.0/" xmlns:xsi="http://www.w3.org/2001/XMLSchema-instance" xsi:schemaLocation="http://www.openarchives.org/OAI/2.0/ http://www.openarchives.org/OAI/2.0/OAI-PMH.xsd"><responseDate>2026-04-27T23:23:19Z</responseDate><request verb="GetRecord" identifier="oai:uvadoc.uva.es:10324/44979" metadataPrefix="marc">https://uvadoc.uva.es/oai/request</request><GetRecord><record><header><identifier>oai:uvadoc.uva.es:10324/44979</identifier><datestamp>2021-06-24T07:16:00Z</datestamp><setSpec>com_10324_44585</setSpec><setSpec>com_10324_954</setSpec><setSpec>com_10324_894</setSpec><setSpec>col_10324_44586</setSpec></header><metadata><record xmlns="http://www.loc.gov/MARC21/slim" xmlns:doc="http://www.lyncode.com/xoai" xmlns:xsi="http://www.w3.org/2001/XMLSchema-instance" xmlns:dcterms="http://purl.org/dc/terms/" xsi:schemaLocation="http://www.loc.gov/MARC21/slim http://www.loc.gov/standards/marcxml/schema/MARC21slim.xsd">
<leader>00925njm 22002777a 4500</leader>
<datafield tag="042" ind1=" " ind2=" ">
<subfield code="a">dc</subfield>
</datafield>
<datafield tag="720" ind1=" " ind2=" ">
<subfield code="a">Leiden, Alexander</subfield>
<subfield code="e">author</subfield>
</datafield>
<datafield tag="720" ind1=" " ind2=" ">
<subfield code="a">Cerdas, Juan Felipe</subfield>
<subfield code="e">author</subfield>
</datafield>
<datafield tag="720" ind1=" " ind2=" ">
<subfield code="a">Noriega González, David César</subfield>
<subfield code="e">author</subfield>
</datafield>
<datafield tag="720" ind1=" " ind2=" ">
<subfield code="a">Beyerlein, Jörg</subfield>
<subfield code="e">author</subfield>
</datafield>
<datafield tag="720" ind1=" " ind2=" ">
<subfield code="a">Herrmann, Christoph</subfield>
<subfield code="e">author</subfield>
</datafield>
<datafield tag="260" ind1=" " ind2=" ">
<subfield code="c">2020</subfield>
</datafield>
<datafield tag="520" ind1=" " ind2=" ">
<subfield code="a">The worldwide increasing wealth and increased life expectancy of humans has led to an increase in the number of medical procedures and surgeries. Surgeries are complex medical procedures which contribute to a significant share of the total environmental impact of the healthcare system. Among other important sources of environmental impacts from surgeries, material consumption due to required instrumentation accounts for up to 65 % of greenhouse gas emissions from surgeries. This study investigates how a disposable and a reusable surgery instrument sets for lumbar fusion surgeries contribute to the environmental impact and which system is more advantageous for the environment. For lumbar fusion surgeries, reusable and disposable instrumentation and implant sets are commercially available. Both sets are capable to support a one level lumbar fusion surgery. The reusable set is comprehensive and fully opened before the surgery, while the disposable system comes in a modular box system, and the boxes are opened on demand during the surgery. To compare the environmental impact of these different configurations, a comparative Life Cycle Assessment (LCA) was performed to assess the overall environmental impacts of both alternatives. One of the key findings is that the selected cleaning and sterilization process for reusable instruments is responsible for up to 90 % of the greenhouse gas emissions and decides which system is advantageous from an environmental perspective. Reducing the number of instruments to be cleaned and sterilized for a surgery should be the focus for future surgery instruments development from an environmental perspective.</subfield>
</datafield>
<datafield tag="024" ind2=" " ind1="8">
<subfield code="a">Resources, Conservation and Recycling, 2020, vol. 156. 8 p.</subfield>
</datafield>
<datafield tag="024" ind2=" " ind1="8">
<subfield code="a">0921-3449</subfield>
</datafield>
<datafield tag="024" ind2=" " ind1="8">
<subfield code="a">http://uvadoc.uva.es/handle/10324/44979</subfield>
</datafield>
<datafield tag="024" ind2=" " ind1="8">
<subfield code="a">10.1016/j.resconrec.2020.104704</subfield>
</datafield>
<datafield tag="245" ind1="0" ind2="0">
<subfield code="a">Life cycle assessment of a disposable and a reusable surgery instrument set for spinal fusion surgeries</subfield>
</datafield>
</record></metadata></record></GetRecord></OAI-PMH>